MAASAI MARA UNIVERSITY

LIBRARY CATALOGUE

Contact Us: +254 020 2685356/7 or 0774 057787

Box: 861-20500, NAROK, KENYA

Email: info@mmarau.ac.ke

_Child development Principles and perspectives Joan Littlefield Cook (Record no. 12533)

MARC details
000 -LEADER
fixed length control field 00465nam a2200157Ia 4500
008 - FIXED-LENGTH DATA ELEMENTS--GENERAL INFORMATION
fixed length control field 151021s9999 xx 000 0 und d
050 ## - LIBRARY OF CONGRESS CALL NUMBER
Classification number HQ 772.C596 2005
245 ## - TITLE STATEMENT
Title _Child development Principles and perspectives Joan Littlefield Cook
260 ## - PUBLICATION, DISTRIBUTION, ETC. (IMPRINT)
Place of publication, distribution, etc. Boston Pearson 2005
300 ## - PHYSICAL DESCRIPTION
Extent xxv,595p.;ill.
500 ## - GENERAL NOTE
General note Include index
500 ## - GENERAL NOTE
General note Include index
650 ## - SUBJECT ADDED ENTRY--TOPICAL TERM
Topical term or geographic name as entry element _Child development
700 ## - ADDED ENTRY--PERSONAL NAME
Personal name _Cook Greg
980 ## - EQUIVALENCE OR CROSS-REFERENCE-SERIES STATEMENT--PERSONAL NAME/TITLE [LOCAL, CANADA]
Personal name ^d20120827 05:09:42^oanne

No items available.

© 2016 Maasai Mara University.